000 01095nam a2200277 i 4500
001 12372
003 KOSZ 005
005 20191122083041.0
008 080619s1963 pl a f 000 0 pol
015 _aPB 1963/8032
040 _aWA N
_c KOSZ 005/RW
_d KOSZ 005/RW
041 0 _apol
_beng
_brus
080 _a669.90
100 1 _aTyrkiel, Eugeniusz
_d(1919-2010)
_eAutor
245 1 0 _aWykres żelazo - węgiel w rozwoju historycznym /
_cEugeniusz Tyrkiel ; Zakład Historii Nauki i Techniki Polskiej Akademii Nauk.
260 _aWrocław :
_bZakład Narodowy im. Ossolińskich Wydawnictwo PAN,
_c1963.
300 _a308 s. :
_bil. ;
_c24 cm.
380 _aKsiążki.
490 1 _aMonografie z Dziejów Nauki i Techniki ;
_v21.
504 _aBibliogr. s. [264]-299.
546 _aStreszcz. ang., ros.
710 2 _aZakład Narodowy im. Ossolińskich
_bWydawnictwo
_4pbl.
830 0 _aMonografie z Dziejów Nauki i Techniki,
_vt. 21.
856 _uhttp://koha.tu.koszalin.pl/cgi-bin/koha/opac-detail.pl?biblionumber=12372
_yKatalog online BPK
942 _2UKD
_cKS
999 _c12372
_d12372